En busca del arca perdida / (Registro nro. 8339)

Detalles MARC
000 -LIDER
fixed length control field 00875nam a22003017a 4500
001 - NÚMERO DE CONTROL
Identificador de número de control 0074
003 - IDENTIFICACDOR DE NÚMERO DE CONTROL
control field DO-SdBNP
005 - DATE AND TIME OF LATEST TRANSACTION
control field 20171113115805.0
007 - CAMPOS FIJOS DE DESCRIPCIÓN FÍSICA
fixed length control field 0074
008 - ELEMENTOS DE LONGITUD FIJA
fixed length control field 151007b sp 1982 xxu||||| |||| 00| 0 spa d
020 ## - ISBN
International Standard Book Number 8432037354
040 ## - FUENTE DE CATALOGACIÓN
Agencia que crea de manera original el registro BPMSU
Idioma de catalogación spa
Agencia que realiza la transcripción BPMSU
082 #4 - NÚMERO DE CLASIFICACIÓN DECIMAL DE DEWEY
Classification number 813
Item number B627e, 1982
100 10 - ASIENTO PRINCIPAL -- NOMBRE PERSONAL
Nombre personal Back, Campbell
245 10 - MENCIÓN DE TITULO
Título En busca del arca perdida /
Mención de responsabilidad Campbell Black; Rafael Borrás Betriu dirección ; Soledad Silió Galán traducción
250 ## - MENCIÓN DE EDICION
Mención de edición 2a ed.
260 ## - PUBLICACIÓN, DISTRIBUCIÓN, ETC. (PIE DE IMPRENTA)
Lugar de publicación, distribución, etc Barcelona, España :
Nombre del editor, distribuidor, etc. Planeta,
Fecha de publicación, distribución, etc 1982
300 ## - DESCRIPCIÓN FÍSICA
Extensión 185 p.
Dimensiones 21 cm.
490 1# - MENCIÓN DE SERIES
Mención de serie Contemporánea
650 #4 - ENCABEZAMIENTO DE MATERIA--TEMÁTICO
Término temático o nombre geográfico como elemento de entrada NOVELA INGLESA
650 #4 - ENCABEZAMIENTO DE MATERIA--TEMÁTICO
Término temático o nombre geográfico como elemento de entrada LITERATURA INGLESA
700 10 - ASIENTO SECUNDARIO -- NOMBRE PERSONAL
Nombre personal Borrás Betriu, Rafael,
Mención de responsabilidad dir.
700 10 - ASIENTO SECUNDARIO -- NOMBRE PERSONAL
Nombre personal Silió Galán, Soledad,
Mención de responsabilidad tr.
830 #0 - ASIENTO SECUNDARIO DE SERIE--TÍTULO UNIFORME
Título uniforme Contemporánea
942 ## - ADDED ENTRY ELEMENTS (KOHA)
Source of classification or shelving scheme Dewey Decimal Classification
Koha item type Libros
945 ## - INFORMACIÓN DE PROCESAMIENTO LOCAL
Información de procesamiento local Inventariado, 2017/MFF
956 ## - LOCAL ELECTRONIC LOCATION AND ACCESS (OCLC)
Nombre de host Brenda Tavárez
Existencias
Withdrawn status Lost status Source of classification or shelving scheme Damaged status Not for loan Collection code Home library Current library Date acquired Source of acquisition Total Checkouts Full call number Barcode Date last seen Price effective from Koha item type
    Dewey Decimal Classification     Colección General Biblioteca Pública Metropolitana Salomé Ureña Biblioteca Pública Metropolitana Salomé Ureña 10/07/2015 Donación   813 B627e, 1982 BPMSU15100062 10/07/2015 10/07/2015 Libros